Current trends in scientific computing : ICM 2002 Beijing Satellite Conference on Scientific Computing, August 15-18, 2002, Xi'an, China

Αποθηκεύτηκε σε:
Λεπτομέρειες βιβλιογραφικής εγγραφής
Συγγραφή απο Οργανισμό/Αρχή: ICM 2002 Beijing Satellite Conference on Scientific Computing Xi'an, Shaanxi Sheng, China
Άλλοι συγγραφείς: Chen, Zhangxin, 1962- (Επιμελητής έκδοσης), Glowinski, R. (Επιμελητής έκδοσης), Li, Kaitai (Επιμελητής έκδοσης)
Μορφή: Πρακτικό Συνεδρίου Βιβλίο
Γλώσσα:English
Δημοσίευση: Providence, RI : American Mathematical Society, c2003
Σειρά:Contemporary mathematics (American Mathematical Society) ; ; 329
Θέματα:
Ετικέτες: Προσθήκη ετικέτας
Δεν υπάρχουν, Καταχωρήστε ετικέτα πρώτοι!

MARC

LEADER 00000cam a2200000 i 4500
001 1/64499
008 041101s2003 eng d
020 |a 0821832611 
035 |l 10075016 
040 |a GR-MY-UA  |b gre  |e aacr 
041 0 |a eng 
082 0 |a 502.85 
111 2 |a ICM 2002 Beijing Satellite Conference on Scientific Computing   |d (2002 :   |c Xi'an, Shaanxi Sheng, China) 
245 1 0 |a Current trends in scientific computing :  |b ICM 2002 Beijing Satellite Conference on Scientific Computing, August 15-18, 2002, Xi'an, China /  |c Zhanghin Chen, Roland Glowinski, Kaitai Li, editors 
260 |a Providence, RI :   |b American Mathematical Society,   |c c2003 
300 |a ix, 372 σ.;  |b εικ.;  |c 26 εκ. 
490 1 |a Contemporarry mathematics  |v ; 329 
504 |a Περιέχει βιβλιογραφικές αναφορές 
650 0 0 |a Science  |x Data processing  |x Congresses. 
650 0 0 |a Numerical analysis  |x Data processing  |x Congresses. 
700 1 |a Chen, Zhangxin,   |d 1962-  |4 edt 
700 1 |a Glowinski, R.  |4 edt 
700 1 |a Li, Kaitai.  |4 edt 
830 0 |a Contemporary mathematics (American Mathematical Society) ;  |v ; 329 
852 |a INST  |b SAMOS  |e 20041101  |h 502.85 ICM  |p 005300022856  |q 005300022856  |t BK  |y 0 
901 |a BIBL3-2004-3 
909 |a Σ  |b 115095 
922 |a 3ΕΛΗ  |b 200406  |c ΕΠΕΑΕΚ2/ΤΜΗΜΑ ΜΑΘΗΜΑΤΙΚΩΝ  |d ΜΙΧΑΛΟΠΟΥΛΟΣ 
970 |a ΚΟΣΙΕΡΗΣ  |b ΧΡΗΣΤΟΣ  |z 2004/11/01